Teorija funkcional'no-differencial'nych uravnenij

Salvato in:
Dettagli Bibliografici
Autore principale: Hale, Jack
Natura: Libro
Lingua:russo
Pubblicazione: Moskva Mir 1984
Tags: Aggiungi Tag
Nessun Tag, puoi essere il primo ad aggiungerne!!

MARC

LEADER 00000nam a2200000 4500
001 c110551
005 20240912132221.9
041 0 |a rus 
044 |a RU 
245 1 0 |a Teorija funkcional'no-differencial'nych uravnenij  |c Jack Hale ; [Perevod s anglijskogo S.N. Šimanova] 
264 1 |a Moskva  |b Mir  |c 1984 
300 |a 421 s. 
100 1 |a Hale, Jack